Statistics for Countries by Lowest Difference in Recorded Temperature

Click here to take the quiz!

General Stats

  • This quiz has been taken 88 times
  • The average score is 18 of 24

Answer Stats

+/- C°+/- °FCountry% Correct
14.257.6Nauru
88%
16.161.0Palau
85%
17.363.1Kiribati
83%
26.078.8Samoa
83%
15.660.1Tuvalu
83%
20.068.0St. Lucia
82%
27.281.0Tonga
82%
16.862.2Maldives
81%
18.966.0St. Vincent and the Grenadines
81%
21.670.9Dominica
79%
15.660.1Marshall Islands
79%
19.166.4St. Kitts and Nevis
78%
18.865.8Seychelles
76%
18.164.6Singapore
76%
19.567.1Solomon Islands
76%
17.864.0Micronesia
75%
18.264.8Antigua and Barbuda
74%
19.767.5Grenada
74%
19.466.9Trinidad and Tobago
74%
20.068.0Barbados
72%
22.372.1Comoros
69%
19.967.8Brunei
56%
23.774.7Suriname
51%
26.479.5Guyana
50%

Score Distribution

Percentile by Number Answered

Percent of People with Each Score

Your Score History

You have not taken this quiz